Statistics for Guess the Childrens Program!

Click here to take the quiz!

General Stats

  • This quiz has been taken 437 times
  • The average score is 9 of 15

Answer Stats

DescriptionAnswer% Correct
A builder who works with many talking construction vehiclesBob the Builder
95%
A blue steam engine working on the Island of Sodor for the Fat ControllerThomas the Tank Engine
85%
A purple dinosaur who educates children after school is overBarney the Dinosaur
82%
House number 123 featuring Elmo, The Cookie Monster and Oscar the GrouchSesame Street
79%
Four colourful characters who live 'over the hills and far away'The Teletubbies
74%
A Welsh fireman who lives in PontypandyFireman Sam
73%
Two bananas dressed in their bed clothes who chase teddy bearsBananas in Pyjamas
69%
A garden in the stars featuring characters like Makka Pakka and Iggle PiggleIn the Night Garden
66%
A boy who lives in Toytown and drives his yellow and red carNoddy
62%
Five normal students who can change into crime fighters, all a different colourPower Rangers
61%
Two men who live in flowerpots and get up to mischief in their gardenBill and Ben (The Flowerpot Men)
59%
A yellow bear who lives with Sweep, Sue and ScampySooty and Co.
49%
A man who regularly goes to a fancy dress shop and goes on various adventures in the different clothingMr Benn
28%
A steam engine who works in the Welsh hills, driven by Jones the SteamIvor the Engine
23%
A family of fluffballs who get into various dilemmasThe Flumps
10%

Score Distribution

Percentile by Number Answered

Percent of People with Each Score

Your Score History

You have not taken this quiz